| 000 | 01894cam a22003858i 4500 | ||
|---|---|---|---|
| 001 | 20857441 | ||
| 003 | OSt | ||
| 005 | 20231214120135.0 | ||
| 008 | 190215t20192020nju b 001 0 eng c | ||
| 010 | _a 2019007043 | ||
| 020 | _a9789354244681 | ||
| 020 |
_a9781119495550 _q(pbk.) |
||
| 020 |
_a1119495555 _q(pbk.) |
||
| 040 |
_aOU/DLC _beng _erda _cOU _dDLC |
||
| 042 | _apcc | ||
| 050 | 0 | 0 |
_aQC21.2 _b.K7 2020 |
| 082 | 0 | 0 |
_a539 _bKRA/M |
| 100 | 1 |
_aKrane, Kenneth S., _eauthor. |
|
| 245 | 1 | 0 |
_aModern physics / _cKenneth S. Krane (Department of Physics, Oregon State University). |
| 250 | _aFourth edition. | ||
| 263 | _a1111 | ||
| 264 | 1 |
_aHoboken, New Jersey : _bJohn Wiley & Sons, Inc., _c2020. |
|
| 264 | 4 | _c©2019 | |
| 300 | _a629 pages | ||
| 336 |
_atext _btxt _2rdacontent |
||
| 337 |
_aunmediated _bn _2rdamedia |
||
| 338 |
_avolume _bnc _2rdacarrier |
||
| 504 | _aIncludes bibliographical references and index. | ||
| 505 | 0 | _aSome deficiencies of classical physics -- The special theory of relativity -- The particlelike properties of electromagnetic radiation -- The wavelike properties of particles -- The Schrödinger equation -- The Rutherford-Bohr model of the atom -- The hydrogen atom in wave mechanics -- Many-electron atoms -- Molecular structure -- Statistical physics -- Solid-state physics -- Nuclear structure and radioactivity -- Nuclear reactions and applications -- Elementary particles -- Cosmology: the origin and fate of the universe. | |
| 650 | 0 | _aPhysics. | |
| 776 | 0 | 8 |
_iOnline version: _aKrane, Kenneth S., author. _tModern physics _bFourth edition. _dHoboken, New Jersey : John Wiley & Sons, Inc., 2020 _z9781119495482 _w(DLC) 2019009222 |
| 906 |
_a0 _bvip _corignew _d1 _eecip _f20 _gy-gencatlg |
||
| 942 |
_2ddc _cBK _h539 _iKRA/M _k539 _mKRA/M |
||
| 999 |
_c44222 _d44222 |
||